00478nam a22001577a 4500003000400000082001900004100001700023245004000040260004400080300000700124650002700131653002700158942001200185952010600197999001700303SGT a617.6342bE21G aGupta, Vipul aEvaluation of Periapical healing... aGurugram, HaryanabSGT Universityc2021 a94 aConservative Dentistry aConservative Dentistry 2ddccTH 00102ddc405171aFDbFDd2022-12-21l0o617.6342 E21GpDT1386r2022-12-21 00:00:00w2022-12-21yTH c23607d23607